01090 2200337 4500001002100000005001500021035002000036007000300056008004100059040002200100082001800122084002000140090002200160100003400182245008200216300002100298500010100319500003500420650003400455700003600489850001200525041001300537740003200550264004500582336002100627337003000648338002300678246002900701990001100730990001100741INLIS00000000084829520190617090431 a0010-0619000250ta190617 1931 jki g f | d aYOPDYOGbinderda04223a899.22343 a899.22343 ASM d aL 899.22343 ASM d1 aAsmawinangoen, Mw.ePengarang1 aDhari nespa kantos moldja /cMw. Asmawinangoen, penerjemah Sp. Sastramihardja a2 jilid ;c23 cm aBuku merupakan salinan terjemahan novel "Saking Papa Doemoegi Moelja" (1928) dalam bahasa Madura aYang diterima djhilid I dan II 4aKesusastraan Madura--vCerita1 aSastramihardja, Sp.gPenerjemah aYOPDYOG1 amadhjav aSaking Papa Doemoegi Moelja3 aBatavia-Centrum :bBalai Poestaka,c1931 2rdacontentateks 2rdamediaatanpa perantara 2rdacarrieravolume aDhari nespa kantos molja a6622-A a6623-A